00808 2200289 4500001002100000005001500021035002500036008004100061082001400102090001900116100002700135245008500162260005700247300003300304500003000337650002300367850001200390980001300402985000600415986000900421999001500430084001600445250001600461040001700477990001200494990001200506YOGYA-0209000000371820230707113705 a0010-020900000003718230707b1942 a g dut d04223a629.1 a629.133bLeg L aLegger, R.Jepengarang10aLuchtvaarttechniek :baerodynamica en mechanica van het vliegtuig /cR.J. Legger31aAmsterdam :bDe Technische Boekhandel H. Stam,c1942 a247 halaman :bilus ;c25 cm aYang diterima : bagian II04aTeknik penerbangan aYOPDYOG a07-03-06 a1 aBudi aa000044717 a629.1 LEG l aEdisi kedua aYOPDYOGbind a44717-A a44717-A